00321nam a2200121Ia 4500008004100000100003500041245003500076260004300111300000900154650001400163942000700177999001500184190216s9999||||xx |||||||||||||| ||und|| aNarismhan V K&Amp; Vasudevan K 0aSaadharakkarantae Dhansasthram bSree Narasimha Vialsam Book Depoc1960 a164p aEconomics cBK c9208d9208